000
00267nam a2200121 a 4500
005
20140412111328.0
008
110118s19uu xx 00 eng d
050
_a
ER
_b
Ja11wh #2
245
_a
The White swan.
260
_a
Japan.
300
_a
unp.
999
_c
104790
_d
104790